zpět

Detail výsledku týmu

Rockle Klub, České Budějovice

Datum a čas kvízu

37 Celkem bodů Celkový počet nahraných bodů na tomto kvízu bez doplňovacích otázek.
3. Pořadí na kvízu Konečné umístění týmu na tomto kvízu.

Zaznamenané odpovědi

# Otázka Odpověď Body Výsledky
1. Zástupci florbalového klubu FB... Složiště 0
2. Aktuálně nejstarším žijícím ps... C 1
3. Společnost Mattel vydala u pří... královna Alžběta II. 0
4. Jedna z českých nápojářských z... Kofola 0
5. Českým házenkářkám se povedl m... Francie 0
6. Tímto tématem navazujeme v naš... B 1
7. Papírová dvacetikoruna byla v... Přemysl Otakar I. 0
8. Dvacet deka lásky je knihou po... Monyová 1
9. Protonové číslo dvacet má vápn... alabastr 1
10. V roce 1920 se v Berlíně narod... Helmut Newton 1